000 00879cad a22002055a 4500
001 L154693
008 120113s2012 xxk f 000 0 eng d
035 _a(Sirsi) u154693
041 0 _aeng
110 2 _aUnited Kingdom
_bDepartment for Communities and Local Government
_94939
245 0 0 _aSocial housing fraud
_bconsultation
_h[electronic resource]
260 _aLondon
_bDCLG
_c2012
520 _aConsultation on proposals to reduce the prevalence of fraud within the stock of social housing including the practice of unlawful occupation, key selling and unauthorised succession.
520 _aConsultation closes 4 April 2012.
590 _aKA NTK
651 4 _aEngland
_y886-
690 _aAffordable housing
_96215
856 4 0 _uhttps://www.communities.gov.uk/documents/housing/pdf/2064044.pdf
_zView the item free of charge at www.www.communities.gov.uk
942 _n0
999 _c113109
_d113109